000 00681nam a2200241 i 4500
001 C2-0284052
003 PPAK
005 20180728014000.0
008 071127s1999 enk |||| ||||| | eng d
020 _a0393317951
040 _aPPAK
_beng
_cPPAK
_erda
082 0 4 _a808.042
_223
090 0 0 _a808.042
_bROS
_dLCK
100 1 _aRoss-Larson, Bruce,
_eauthor
245 1 0 _aStunning sentences :
_bthe effective writing series
264 1 _aLondon :
_bW.W. Norton & Company ,
_c1999
300 _a94 pages ;
_c21 cm
336 _2rdacontent
_atext
337 _2rdamedia
_aunmediated
338 _2rdacarrier
_avolume
650 1 0 _aEnglih language - Sentences.
942 _ddc
_cB
999 _c90043
_d90043